One year after CCl: it's business as usual (Record no. 70152)
[ view plain ]
| 000 -LEADER | |
|---|---|
| fixed length control field | 00890cam a2200205 4500 |
| 001 - CONTROL NUMBER | |
| control field | ABS65371 |
| 008 - FIXED-LENGTH DATA ELEMENTS--GENERAL INFORMATION | |
| fixed length control field | 020501n2002 000 0 eng u |
| 035 ## - SYSTEM CONTROL NUMBER | |
| System control number | (Sirsi) u117807 |
| 100 ## - MAIN ENTRY--PERSONAL NAME | |
| Personal name | Williams, D |
| 245 ## - TITLE STATEMENT | |
| Title | One year after CCl: it's business as usual |
| 260 ## - PUBLICATION, DISTRIBUTION, ETC. | |
| Date of publication, distribution, etc. | 2002 |
| 490 ## - SERIES STATEMENT | |
| Series statement | Building Trade and Industry |
| Volume/sequential designation | 18(4) April 2002, 6(1) |
| 520 ## - SUMMARY, ETC. | |
| Summary, etc. | Discusses whether Climate Charge Levy has had any effect, one year after its inception. CCL, introduced to produce a reduction in energy use and carbon dioxide emissions, has not been widely taken up, as building owners and specifiers have not totally understood its mechanics. Argues it may need to be more punitive. |
| 590 ## - LOCAL NOTE (RLIN) | |
| Local note | ABS |
| 650 ## - SUBJECT ADDED ENTRY--TOPICAL TERM | |
| Topical term or geographic name entry element | CLIMATE CHARGE LEVY |
| 650 ## - SUBJECT ADDED ENTRY--TOPICAL TERM | |
| Topical term or geographic name entry element | CARBON DIOXIDE |
| 650 ## - SUBJECT ADDED ENTRY--TOPICAL TERM | |
| Topical term or geographic name entry element | ENERGY USE |
| 690 ## - LOCAL SUBJECT ADDED ENTRY--TOPICAL TERM (OCLC, RLIN) | |
| Topical term or geographic name as entry element | ENVIRONMENTAL AND LAND CONSULTANCY-ENERGY-ENERGY USE-ENERGY EFFICIENCY |
| 942 ## - ADDED ENTRY ELEMENTS (KOHA) | |
| Suppress in OPAC | 0 |
| Withdrawn status | Lost status | Source of classification or shelving scheme | Damaged status | Not for loan | Home library | Current library | Shelving location | Date acquired | Total Checkouts | Full call number | Barcode | Date last seen | Copy number | Price effective from | Koha item type |
|---|---|---|---|---|---|---|---|---|---|---|---|---|---|---|---|
| Dewey Decimal Classification | London | London | Journal article | 01/05/2002 | ABS65371 | 117807-1001 | 06/08/2019 | 1 | 06/08/2019 | Journal article |